The Philosophy of Herbert Spencer (Record no. 124935)
[ view plain ]
| 000 -LEADER | |
|---|---|
| fixed length control field | 00522nam a22001577a 4500 |
| 008 - FIXED-LENGTH DATA ELEMENTS--GENERAL INFORMATION | |
| fixed length control field | 160811b xxu||||| |||| 00| 0 eng d |
| 020 ## - INTERNATIONAL STANDARD BOOK NUMBER | |
| International Standard Book Number | 9780826487230 |
| 050 ## - LIBRARY OF CONGRESS CALL NUMBER | |
| Classification number | B1657.T39 2007 |
| 100 ## - MAIN ENTRY--PERSONAL NAME | |
| Personal name | Taylor, Michael W. |
| 9 (RLIN) | 24858 |
| 245 ## - TITLE STATEMENT | |
| Title | The Philosophy of Herbert Spencer |
| Statement of responsibility, etc | / Michael W Taylor |
| 260 ## - PUBLICATION, DISTRIBUTION, ETC. (IMPRINT) | |
| Place of publication, distribution, etc | London |
| Name of publisher, distributor, etc | Continuum International Publishing Group |
| Date of publication, distribution, etc | 2007 |
| 300 ## - PHYSICAL DESCRIPTION | |
| Extent | xiv,183p.; |
| Dimensions | 25cm. |
| 440 ## - SERIES STATEMENT/ADDED ENTRY--TITLE | |
| Title | Continuum studies in British Philosophy |
| 9 (RLIN) | 24859 |
| 650 ## - SUBJECT ADDED ENTRY--TOPICAL TERM | |
| Topical term or geographic name as entry element | Spencer, Herbert |
| 9 (RLIN) | 24724 |
| 942 ## - ADDED ENTRY ELEMENTS (KOHA) | |
| Source of classification or shelving scheme | Library of Congress Classification |
| Item type | Monograph ( Printed materials) |
| Withdrawn status | Lost status | Source of classification or shelving scheme | Damaged status | Not for loan | Collection code | Home library | Current library | Shelving location | Date acquired | Total Checkouts | Full call number | Barcode | Date last seen | Price effective from | Koha item type |
|---|---|---|---|---|---|---|---|---|---|---|---|---|---|---|---|
| Library of Congress Classification | Main Collection | ARRUPE LIBRARY | ARRUPE LIBRARY | Main Collection | 11/08/2016 | B1657.T39 2007 | 46500009444 | 11/08/2016 | 11/08/2016 | Monograph ( Printed materials) |